Ordenamiento y señalización vial en zona urbana de Nagarote
La investigación a borda sobre la señalización vial es fundamental para regular, prevenir y orientar a los usuarios de las vías, la circulación o transito según las circunstancias de la trayectoria por las vías, produciendo colisiones, motivos que obligan a definir un sistema de señalizació...
| Main Authors: | , |
|---|---|
| Other Authors: | |
| Format: | Tesis Section = Libro |
| Language: | Undetermined Spanish |
| Published: |
Managua
UNI
2014
|
| Subjects: |
| LEADER | 01225nam a2200265Ia 4500 | ||
|---|---|---|---|
| 008 | 240830s9999 xx 000 0 und d | ||
| 040 | |a BIBLIOTECA-RUPAP Mon 388.3122 R934 | ||
| 041 | |a spa | ||
| 082 | |a Mon 388.3122 R934 | ||
| 100 | 1 | |a Ruiz Nino, Gretel Margarita | |
| 100 | 1 | |b Sáenz Vega, Ana Lucía | |
| 245 | 1 | 0 | |a Ordenamiento y señalización vial en zona urbana de Nagarote |
| 260 | |a Managua |b UNI |c 2014 | ||
| 300 | |a 113 p. :il. | ||
| 500 | |a Contiene: anexos. | ||
| 502 | |a Tesis (Ingeniero Civil)- UNI, 2014. | ||
| 520 | 3 | |a La investigación a borda sobre la señalización vial es fundamental para regular, prevenir y orientar a los usuarios de las vías, la circulación o transito según las circunstancias de la trayectoria por las vías, produciendo colisiones, motivos que obligan a definir un sistema de señalización muy profesional y responsable, permitiendo visibilidad, interpretación y tiempo de reacción para evitar accidentes. | |
| 650 | 7 | |a SEÑALES DE TRÁNSITO | |
| 650 | 7 | |b ESTUDIO DE TRÁNSITO | |
| 650 | 7 | |c SEGURIDAD VIAL | |
| 650 | 7 | |d CONTROL DE TRÁNSITO | |
| 700 | 1 | |a Tutor: |b Bustamante Arteaga, José Fernando | |
| 942 | |c BK |2 ddc | ||
| 991 | |a TESIS | ||
| 999 | |c 15604 | ||